000
00298nam a22001457a 4500
003
SGT
020
_a
9789389991581
082
_a
341
_b
AHU
100
_a
AHUJA V K
245
_a
PUBLIC INTERNATIONAL LAW
250
_a
2
260
_a
GURGAON
_b
LEXIS NEXIS
_c
2025
300
_a
434
942
_2
ddc
_c
BK
999
_c
34122
_d
34122